Indian policies and practice (Record no. 355838)

000 -LEADER
fixed length control field 00396cam a22001337a 4500
008 - FIXED-LENGTH DATA ELEMENTS--GENERAL INFORMATION
fixed length control field 180718b1971 xxu||||| |||| 00| 0 eng d
082 ## - DEWEY DECIMAL CLASSIFICATION NUMBER
Classification number Dx54 T95
100 ## - MAIN ENTRY--PERSONAL NAME
Personal name Tyabji, Badr Ud-din
245 ## - TITLE STATEMENT
Title Indian policies and practice
Statement of responsibility, etc. by Badr Ud-din Tyabji
260 ## - PUBLICATION, DISTRIBUTION, ETC.
Place of publication, distribution, etc. Delhi
Name of publisher, distributor, etc. Oriental
Date of publication, distribution, etc. 1971
300 ## - PHYSICAL DESCRIPTION
Extent 220p.
650 ## - SUBJECT ADDED ENTRY--TOPICAL TERM
Topical term or geographic name entry element India --Politics and government --1947-
650 ## - SUBJECT ADDED ENTRY--TOPICAL TERM
Topical term or geographic name entry element India --Foreign relations
Holdings
Withdrawn status Lost status Damaged status Not for loan Permanent Location Current Location Date acquired Full call number Barcode Date last seen Price effective from Koha item type
        Indian Institute of Public Administration Indian Institute of Public Administration 1993-12-24 Dx54 T95 47548 2018-07-21 2018-07-21 Book

Powered by Koha